00523cam a22001577a 4500008004000000020001500040082001700055100001400072245005700086260002800143300001000171650002700181650005000208999001900258952008800277180718b1991 xxu||||| |||| 00| 0 eng d a8170992842 aBA27x54 R148 aRam Pyare aHarijan yuvkon ka rajnitik samajikarancby Ram Pyare aNew DelhibMittalc1991 a325p. aEducation - Minorities aScheduled castes and scheduled tribes - India c358206d358206 00104070aIIPAbIIPAd1994-01-25oBA27x54 R148p66710r2018-07-21w2018-07-21yBK